Elements of Raw Cotton and Blow Room (Record no. 2386)

MARC details
000 -LEADER
fixed length control field 00334nam a2200133Ia 4500
008 - FIXED-LENGTH DATA ELEMENTS--GENERAL INFORMATION
fixed length control field 191201s1999 xx 000 0 und d
082 ## - DEWEY DECIMAL CLASSIFICATION NUMBER
Classification number 677.028
Item number KHE
100 ## - MAIN ENTRY--PERSONAL NAME
Personal name KHARE, A R
245 #0 - TITLE STATEMENT
Title Elements of Raw Cotton and Blow Room
260 ## - PUBLICATION, DISTRIBUTION, ETC. (IMPRINT)
Place of publication, distribution, etc N.Delhi
Name of publisher, distributor, etc Sai Book Centure
Date of publication, distribution, etc 1999
300 ## - PHYSICAL DESCRIPTION
Extent 181
650 ## - SUBJECT ADDED ENTRY--TOPICAL TERM
Topical term or geographic name as entry element B.Tech(TE)
942 ## - ADDED ENTRY ELEMENTS (KOHA)
Source of classification or shelving scheme Dewey Decimal Classification
Koha item type Text Books
Holdings
Withdrawn status Lost status Source of classification or shelving scheme Damaged status Not for loan Collection code Home library Current library Date acquired Source of acquisition Cost, normal purchase price Bill Number Total Checkouts Full call number Acc. no. / Barcode Date last seen Bill Date Koha item type Date last borrowed
    Dewey Decimal Classification     B.Tech(TE) PIET C-LIBRARY PIET C-LIBRARY 16/03/2007 Abhishek Publications 225.00 7985   677.028 KHE 5129 04/12/2019 10/02/2006 Text Books  
    Dewey Decimal Classification     B.Tech(TE) PIET C-LIBRARY PIET C-LIBRARY 16/03/2007 Abhishek Publications 225.00 7985   677.028 KHE 5130 04/12/2019 10/02/2006 Text Books  
    Dewey Decimal Classification     B.Tech(TE) PIET C-LIBRARY PIET C-LIBRARY 16/03/2007 Abhishek Publications 225.00 7985   677.028 KHE 5131 04/12/2019 10/02/2006 Text Books  
    Dewey Decimal Classification     B.Tech(TE) PIET C-LIBRARY PIET C-LIBRARY 18/01/2007 Abhishek Publications 225.00 8030   677.028 KHE 5457 10/12/2019 10/02/2006 Text Books  
    Dewey Decimal Classification     B.Tech(TE) PIET C-LIBRARY PIET C-LIBRARY 18/01/2007 Abhishek Publications 225.00 8030 2 677.028 KHE 5458 19/11/2025 10/02/2006 Text Books 11/11/2025

Design & Developed by: PIET Central Library
R70 Miles Stone Pattikalyana Samalkha Panipat 132102
mail ID :- [email protected], Phone No:- 0180-2569700 Ex.216